| 000 | 00407nam a2200133Ia 4500 | ||
|---|---|---|---|
| 008 | 210430s9999 xx 000 0 und d | ||
| 020 | _a9781466552999 (hardcover : aci | ||
| 082 | _a660.0151 L8471A | ||
| 100 |
_aLoney, Norman W. _910934 |
||
| 245 |
_aApplied mathematical methods for chemical engineers 3rd / _cLoney, Norman W. |
||
| 250 | _a3rd Edition | ||
| 300 | _axix, 545 pages ; | ||
| 942 |
_cREF _2ddc |
||
| 999 |
_c565763 _d565763 |
||